La vie des chinois ordinaires.

Αποθηκεύτηκε σε:
Λεπτομέρειες βιβλιογραφικής εγγραφής
Μορφή: Βιβλίο
Γλώσσα:French
Δημοσίευση: Beijing (Chine) : La Chine en construction, 1988.
Σειρά:Chang cheng cong shu
Θέματα:
Ετικέτες: Προσθήκη ετικέτας
Δεν υπάρχουν, Καταχωρήστε ετικέτα πρώτοι!

MARC

LEADER 00000cam a2200000 i 4500
001 1/791
008 950705s1988 cc | ||| |||| ||fre||
035 |l 10014205 
040 |a GR-MyUa  |b gre  |e AACR2 
041 0 |a fre 
082 7 |a 306.0951   |2 (22) 
245 0 3 |a La vie des chinois ordinaires. 
260 |a Beijing (Chine) :   |b La Chine en construction,   |c 1988. 
300 |a 104 σ. ;   |c 18 εκ. 
490 1 |a (Chang cheng cong shu) 
651 0 |a China  |x Social conditions. 
651 0 |a China  |x Social life and customs. 
830 0 |a Chang cheng cong shu 
852 |a INST  |b LESVOS  |e 19950705  |h 306.0951 VIE  |p 005100008007  |q 005100008007  |t BK  |y 0